Сергей Ефимович Метелев (Запись № 1489734)

Подробности
000 -МАРКЕР
контрольное поле 01549nam0a2200325 4500
001 - ИДЕНТИФИКАТОР ЗАПИСИ
контрольное поле RU\NLR\bibl\1755271
005 - ИДЕНТИФИКАТОР ВЕРСИИ
контрольное поле 20260407163548.0
010 ## - МЕЖДУНАРОДНЫЙ СТАНДАРТНЫЙ НОМЕР КНИГИ (ISBN)
Номер (ISBN) 978-5-91892-053-4
Тираж 200
021 ## - НОМЕР ГОСУДАРСТВЕННОЙ РЕГИСТРАЦИИ
Код страны российская федерация
Номер 2011-18559
Номер Листа государственной регистраци 1313
035 ## - ДРУГИЕ СИСТЕМНЫЕ НОМЕРА
Идентификатор записи (NLR Aleph) 001746112
100 ## - ДАННЫЕ ОБЩЕЙ ОБРАБОТКИ
Данные общей обработки 20110406d2011 |||y0rusy50 ca
101 0# - ЯЗЫК РЕСУРСА
Язык текста, звукозаписи и т.д. русский
102 ## - СТРАНА ПУБЛИКАЦИИ ИЛИ ПРОИЗВОДСТВА
Страна публикации российская федерация
105 ## - ПОЛЕ КОДИРОВАННЫХ ДАННЫХ: ТЕКСТОВЫЕ МАТЕРИАЛЫ, МОНОГРАФИЧЕСКИЕ
Кодированные данные о монографическом текстовом документе y |||||||||
200 1# - ЗАГЛАВИЕ И СВЕДЕНИЯ ОБ ОТВЕТСТВЕННОСТИ
Основное заглавие Сергей Ефимович Метелев
Сведения, относящиеся к заглавию библиографические материалы
Первые сведения об ответственности М-во образования и науки РФ, Гос. образоват. учреждение высш. проф. образования Рос. гос. торг.-экон. ун-т, Омск. ин-т (фил.)
210 ## - ПУБЛИКАЦИЯ, РАСПРОСТРАНЕНИЕ И ДР.
Место издания, распространения и т.д. Омск
Имя издателя, распространителя и т. д. Омский ин-т (филиал) РГТЭУ
Дата издания, распространения и т.д. 2011
215 ## - ФИЗИЧЕСКАЯ ХАРАКТЕРИСТИКА
Специфическое обозначение материала и объем 94 с.
Размеры 21
320 ## - ПРИМЕЧАНИЯ О НАЛИЧИИ В ДОКУМЕНТЕ БИБЛИОГРАФИИ / УКАЗАТЕЛЯ
Текст примечания Алф. указ. трудов: с. 73-94
600 #1 - ИМЯ ЛИЦА КАК ПРЕДМЕТ
Начальный элемент ввода Метелев
Часть имени, кроме начального элемента ввода С.Е.
Даты 1955
Расширение инициалов личного имени Сергей Ефимович
Формальный подзаголовок Биобиблиография
Системный номер авторитетной/нормативной записи 2619572
Идентификатор авторитетной/нормативной записи RU\NLR\auth\661556132
686 ## - ИНДЕКСЫ ДРУГИХ КЛАССИФИКАЦИЙ
Индекс У.д(2)я1
686 ## - ИНДЕКСЫ ДРУГИХ КЛАССИФИКАЦИЙ
Индекс Х.д(2)я1
702 #1 - ИМЯ ЛИЦА - ВТОРИЧНАЯ ОТВЕТСТВЕННОСТЬ
Код отношения Прочие
Материалы, к которым относится поле rus
Графика поля Кириллица
Начальный элемент ввода Метелев
Часть имени, кроме начального элемента ввода С. Е.
Даты 1955-
Расширение инициалов личного имени Сергей Ефимович
Идентификатор авторитетной/нормативной записи RU\NLR\auth\7745701
Системный номер авторитетной/нормативной записи 28636
712 02 - НАИМЕНОВАНИЕ ОРГАНИЗАЦИИ - ВТОРИЧНАЯ ОТВЕТСТВЕННОСТЬ
Код отношения Прочие
Начальный элемент ввода Российский государственный торгово-экономический университет
Структурное подразделение Омский институт (филиал)
Идентификатор авторитетной/нормативной записи RU\NLR\AUTH\8810102382
Системный номер авторитетной/нормативной записи 705424
801 #0 - ИСТОЧНИК ЗАПИСИ
Страна российская федерация
Организация NLR
Дата составления 20110406
Правила каталогизации RCR
801 #1 - ИСТОЧНИК ЗАПИСИ
Страна российская федерация
Организация NLR
Дата составления 20110406
942 ## - ДОПОЛНИТЕЛЬНЫЕ ЭЛЕМЕНТЫ ЗАПИСИ (АБИС)
Тип экземпляра АБИС Книга
980 ## - КОЛЛЕКЦИЯ
Название коллекции Национальная библиография
980 ## - КОЛЛЕКЦИЯ
Название коллекции НБР
Экземпляры
Тип экземпляра Дата поступления Источник поступления Библиотека постоянного хранения Библиотека текущего хранения Место хранения Шифр хранения Штрих-код Статус не для выдачи
Книга 06.04.2011 Обязательный экземпляр РНБ (Московский) РНБ (Московский) Центральная справочная библиотека С 2011-2/153 1-1183393  
Книга 06.04.2011 Обязательный экземпляр РНБ (Московский) РНБ (Московский) Центральная справочная библиотека С 2011-2/153 1-1183389